| 000 | 00465nam a2200157Ia 4500 | ||
|---|---|---|---|
| 008 | 210210b1998 xxu||||| |||| 00| 0 eng d | ||
| 020 | _a81 7596 041 8 | ||
| 082 | _a515.9 ABLC | ||
| 100 | _aABLOWITZ (Mark J) and FOKAS (Athanassios S). | ||
| 245 | _aComplex variables: introduction and applications. | ||
| 260 |
_aND _bCambridge University Press _c1998 |
||
| 300 | _axii,647 | ||
| 650 | _aComplex variables | ||
| 690 | _aMathematical Analysis | ||
| 906 | _a053229 | ||
| 999 |
_c101571 _d101571 |
||